LEADER 01215nam--2200409---450- 001 990000597060203316 005 20050919140449.0 010 $a88-05-03717-6 035 $a0059706 035 $aUSA010059706 035 $a(ALEPH)000059706USA01 035 $a0059706 100 $a20010829d1981----km-y0itay0103----ba 101 $aita 102 $aIT 105 $a||||||||001yy 200 1 $aCreatività e funzioni della lingua$fFrancesca Farina 210 $aTorino$cSocietà editrice internazionale$dc1981 215 $a120 p.$cill.$d19 cm 225 2 $aScuola viva 410 $12001$aScuola viva 461 1$1001-------$12001 606 0 $aLingue$xInsegnamento$xScuola elementare 606 0 $aLinguistica 676 $a372.6044 700 1$aFARINA,$bFrancesca$0482421 801 0$aIT$bsalbc$gISBD 912 $a990000597060203316 951 $aII.4. Coll.20/ 4(VI B COLL 53/5)$b130696 LM$cVI B COLL 959 $aBK 969 $aUMA 979 $aPATTY$b90$c20010829$lUSA01$h1055 979 $c20020403$lUSA01$h1709 979 $aPATRY$b90$c20040406$lUSA01$h1641 979 $aCOPAT6$b90$c20050919$lUSA01$h1404 996 $aCreatività e funzioni della lingua$9274960 997 $aUNISA LEADER 04506nam 22007215 450 001 9910300230903321 005 20200701104424.0 010 $a88-470-5708-6 024 7 $a10.1007/978-88-470-5708-1 035 $a(CKB)3710000000281383 035 $a(EBL)1966607 035 $a(OCoLC)908086000 035 $a(SSID)ssj0001386664 035 $a(PQKBManifestationID)11826498 035 $a(PQKBTitleCode)TC0001386664 035 $a(PQKBWorkID)11374554 035 $a(PQKB)11351892 035 $a(DE-He213)978-88-470-5708-1 035 $a(MiAaPQ)EBC1966607 035 $a(PPN)183088514 035 $a(EXLCZ)993710000000281383 100 $a20141117d2015 u| 0 101 0 $aeng 135 $aur|n|---||||| 181 $ctxt 182 $cc 183 $acr 200 10$aPancreatic Cystic Neoplasms $eFrom Imaging to Differential Diagnosis and Management /$fedited by George H. Sakorafas, Vassileios Smyrniotis, Michael G. Sarr 205 $a1st ed. 2015. 210 1$aMilano :$cSpringer Milan :$cImprint: Springer,$d2015. 215 $a1 online resource (84 p.) 300 $aDescription based upon print version of record. 311 $a88-470-5707-8 320 $aIncludes bibliographical references at the end of each chapters. 327 $aIntroduction -- Classification -- Serous cystic neoplasms -- Mucinous cystic neoplasms -- Intraductal Papillary Mucinous Neoplasms -- Rare cystic neoplasms -- Diagnostic evaluation -- Imaging -- Cross sectional Imaging -- US, CT, MRI -- Endoscopic ultrasonography -- ERCP / MRCP -- Intraductal ultrasonography / ductoscopy -- FNA and analysis of the cystic fluid -- Cytology -- Biochemical analysis -- Treatment -- Indications for surgery -- Surgical treatment -- Adjuvant therapy -- Follow-up -- Prognosis. 330 $aThis book provides a thorough overview of the detection of PCNs using modern imaging techniques and a clear guide to the recognition of the different subtypes of PCN based on their radiologic and histopathologic features. This volume will serve as an excellent aid to the selection of optimal therapeutic strategies based on preoperative diagnosis. A further important feature is the emphasis placed on radiologic, clinical, and surgical correlations. Pancreatic cystic neoplasms (PCNs) have been increasingly recognized during the past decade, mainly because of the widespread use of modern imaging modalities for the investigation of often unrelated abdominal symptoms. The three most common subtypes of PCN are serous cystic neoplasms, mucinous cystic neoplasms, and intraductal papillary mucinous neoplasms. These subtypes have distinct radiologic and histopathological features, and their biological behavior differs greatly. Accurate preoperative diagnosis is of prime importance in selecting the optimal therapeutic strategy: while serous cystic neoplasms are almost always benign, and may be treated conservatively, mucinous cystic neoplasms and intraductal papillary mucinous neoplasms have malignant potential, warranting an aggressive surgical approach, i.e., pancreatectomy. Pancreatic Cystic Neoplasms will be of great interest to surgeons, gastroenterologists, radiologists, oncologists, and pathologists, and also to internists and residents in these specialties. 606 $aSurgery 606 $aOncology 606 $aRadiology 606 $aGastroenterology 606 $aSurgery$3https://scigraph.springernature.com/ontologies/product-market-codes/H59001 606 $aOncology$3https://scigraph.springernature.com/ontologies/product-market-codes/H33160 606 $aImaging / Radiology$3https://scigraph.springernature.com/ontologies/product-market-codes/H29005 606 $aGastroenterology$3https://scigraph.springernature.com/ontologies/product-market-codes/H33061 615 0$aSurgery. 615 0$aOncology. 615 0$aRadiology. 615 0$aGastroenterology. 615 14$aSurgery. 615 24$aOncology. 615 24$aImaging / Radiology. 615 24$aGastroenterology. 676 $a610 676 $a616.0757 676 $a616.33 676 $a616994 702 $aSakorafas$b George H$4edt$4http://id.loc.gov/vocabulary/relators/edt 702 $aSmyrniotis$b Vassileios$4edt$4http://id.loc.gov/vocabulary/relators/edt 702 $aSarr$b Michael G$4edt$4http://id.loc.gov/vocabulary/relators/edt 906 $aBOOK 912 $a9910300230903321 996 $aPancreatic Cystic Neoplasms$92529255 997 $aUNINA